00494nam a2200217Ia 450000500170000000800460001702000150006303700070007804000080008504000080009304000080010104100080010904100080011708400150012508400080014024500790014826000140022726000170024126000090025830000090026720260401122249.0008 250103s9999 xx 000 0 eng d a8190230441 aTB aEDL beng cEDL 2eng aeng aA820.4 SAR qEDL 0aAustralia and India: Interconnections-Identity, Representation, Belonging aNew Delhi bMantra Books c2006 a377p